[Event "Open"]
[Site "Vercelli ITA"]
[Date "2014.06.15"]
[Round "5"]
[White "Sbarra, Marco"]
[Black "Quirico, Paolo"]
[WhiteElo "2241"]
[BlackElo "2096"]
[Result "1-0"]
[PlyCount "77"]
[EventDate "2014.06.13"]

1. d4 Nf6 2. c4 e5 3. Nf3 exd4 4. Nxd4 Bb4+ 5. Bd2 Bxd2+ 6. Qxd2 O-O 7. e3 d5
8. Nc3 Ne4 9. Nxe4 dxe4 10. Rd1 Bg4 11. Be2 Bxe2 12. Qxe2 Qf6 13. O-O Nc6 14.
Nxc6 Qxc6 15. Rd4 Rad8 16. Rfd1 Rxd4 17. Rxd4 Re8 18. Qg4 Kf8 19. Qh3 Qe6 20.
Qxe6 Rxe6 21. g4 g5 22. Rd5 h6 23. Ra5 a6 24. Rd5 Rd6 25. Rxd6 cxd6 26. f3 exf3
27. Kf2 Ke7 28. Kxf3 Ke6 29. Ke4 a5 30. h3 b6 31. a3 f6 32. b4 axb4 33. axb4
f5+ 34. gxf5+ Kf6 35. Kd5 Kxf5 36. Kxd6 h5 37. c5 g4 38. hxg4+ hxg4 39. c6 1-0

[Event "Open"]
[Site "Vercelli ITA"]
[Date "2014.06.15"]
[Round "5"]
[White "Sorcinelli, Francesco"]
[Black "Gromovs, Sergejs"]
[WhiteElo "2168"]
[BlackElo "2196"]
[Result "1/2-1/2"]
[PlyCount "40"]
[EventDate "2014.06.13"]

1. e4 c5 2. Nc3 Nc6 3. Nge2 Nf6 4. d4 cxd4 5. Nxd4 d6 6. Bg5 e6 7. Qd2 a6 8.
O-O-O Bd7 9. f4 Be7 10. Nf3 b5 11. Bd3 b4 12. Ne2 a5 13. Kb1 Qb6 14. Rhe1 O-O
15. Bxf6 Bxf6 16. g4 a4 17. g5 Bc3 18. Nxc3 bxc3 19. Qxc3 a3 20. b3 Rfc8
1/2-1/2

[Event "Open"]
[Site "Vercelli ITA"]
[Date "2014.06.15"]
[Round "5"]
[White "Sumets, Andrey"]
[Black "Ninov, Nikolai Ivanov"]
[WhiteElo "2640"]
[BlackElo "2436"]
[Result "1/2-1/2"]
[PlyCount "33"]
[EventDate "2014.06.13"]

1. d4 d5 2. c4 e6 3. Nf3 c6 4. e3 Bd6 5. Be2 f5 6. O-O Nf6 7. b3 Qe7 8. Bb2 O-O
9. Qc1 b6 10. Ba3 Bxa3 11. Qxa3 Qxa3 12. Nxa3 a5 13. Rfc1 Nfd7 14. Nc2 Bb7 15.
Nce1 Na6 16. Nd3 Rac8 17. a3 1/2-1/2

[Event "Open"]
[Site "Vercelli ITA"]
[Date "2014.06.15"]
[Round "5"]
[White "Ubezio, Marco"]
[Black "Rossini, Fulvio"]
[WhiteElo "2113"]
[BlackElo "1827"]
[Result "0-1"]
[PlyCount "74"]
[EventDate "2014.06.13"]

1. e4 e6 2. d4 d5 3. Nc3 dxe4 4. Nxe4 Nd7 5. Nf3 Ngf6 6. Nxf6+ Nxf6 7. c3 Be7
8. Ne5 O-O 9. Bd3 c5 10. dxc5 Qd5 11. Nf3 Rd8 12. Bc2 Qxc5 13. Qe2 b6 14. Be3
Qc7 15. Bd4 Bb7 16. O-O-O Bd5 17. Kb1 a6 18. Ne5 b5 19. Ng4 Ne8 20. Qe3 b4 21.
Bb6 Qc4 22. Rxd5 Rxd5 23. Ne5 Rxe5 24. Qxe5 bxc3 25. Bd4 Bf6 26. Qe4 Rb8 27.
Qxh7+ Kf8 28. Qh8+ Ke7 29. Bxf6+ gxf6 30. b3 Qb4 31. Qh3 a5 32. Rd1 Nd6 33. a3
Qc5 34. Qg3 a4 35. Ka2 axb3+ 36. Bxb3 Nc4 37. Bxc4 Rb2+ 0-1